000 01029nam a2200217Ia 4500
999 _c47814
_d47814
001 14688
003 GE_BSU
005 20241119161738.0
008 181216s2015||||ge |||||||||||||| ||geo||
040 _cGE_BSU
041 _ageo
080 _a27-36 ღ-69
245 _aღირსი ეფრემ ასური /
_cპროექტ. რედ. : თ. მამაცაშვილი ; შემდგ. ს. თავაძე.
264 _aთბილისი :
_bპალიტრა L,
_c2015.
300 _a141 გვ. ;
_c20 სმ.
490 _aყველა წმინდანი, რომელთა შესახებაც უნდა იცოდე : საქართველოს იმედი
_v2.წ.15
653 _aღირსი ეფრემ ასური
700 _aმამაცაშვილი, თ.
_eპროექტის რედაქტორი
_94410
700 _aთავაძე, ს.
_eშემდგენელი
_923749
942 _cBK
_2udc